| 000 | 01064nam a22003257a 4500 | ||
|---|---|---|---|
| 003 | CHAP | ||
| 005 | 20220329143450.0 | ||
| 008 | 091110s1992 mx r 00010 spa d | ||
| 010 | _a97048 | ||
| 011 | _a98020 | ||
| 035 | _a108695 | ||
| 040 | _cCHAP | ||
| 082 | 0 | 4 |
_a370.71 _bH87 |
| 100 | 0 | 0 |
_aHuffman Schwocho, Dennis Paul. _956775 |
| 245 | 1 | 0 |
_aCurso - taller : _b"técnicas didácticas para una docencia formadora" _c/por Dennis Huffman S. |
| 260 |
_aChapingo, Méx. : _bUACH. Departamento de Economía Agrícola, _c1992 |
||
| 300 | _apág. varia | ||
| 590 |
_aBATCH-UPD _b10 _c20130110 _lUCH01 _h1740 |
||
| 590 |
_aBATCH-UPD _b10 _c20130410 _lUCH01 _h1119 |
||
| 590 |
_aBATCH-UPD _b10 _c20130914 _lUCH01 _h0936 |
||
| 590 |
_aCONVERSION _b10 _c20130109 _lUCH01 _h1354 |
||
| 650 | 1 | 4 |
_aCiencia _xEstudio y enseñanza. _923118 |
| 650 | 1 | 4 |
_aEducación. _935409 |
| 650 | 1 | 4 |
_aEnseñanza. _937085 |
| 650 | 1 | 4 |
_aMaestros. _969754 |
| 901 | _aBK | ||
| 911 | _aen proceso | ||
| 942 | _cLIBRO | ||
| 949 |
_a370.71 H87 _bBC _cLIBRO _d33724002112421 _eLIBRO _h111220 _i108695 _sb |
||
| 999 |
_c97048 _d97048 |
||